[Event "Niederoesterreich Landesliga 1718"]
[Site "Austria"]
[Date "2018.01.21"]
[Round "7.3"]
[White "Lovrinovic, Christian"]
[Black "Schirmbeck, Hannes"]
[Result "1/2-1/2"]
[WhiteElo "2139"]
[BlackElo "2195"]
[PlyCount "41"]
[EventDate "2017.10.01"]
[EventType "team-tourn"]
[EventRounds "11"]
[EventCountry "AUT"]
[SourceTitle "EXT 2019"]
[Source "ChessBase"]
[SourceDate "2018.10.10"]
[SourceVersion "1"]
[SourceVersionDate "2018.10.10"]
[SourceQuality "1"]
[WhiteTeam "Boehlerwerk"]
[BlackTeam "Stockerau"]
[WhiteTeamCountry "AUT"]
[BlackTeamCountry "AUT"]

1. d4 Nf6 2. c4 g6 3. Nc3 Bg7 4. e4 d6 5. Nf3 0-0 6. Be2 e5 7. 0-0 Nc6 8. d5 Ne7 9. b4 Nh5 10. g3 f5 11. Ng5 Nf6 12. Bf3 fxe4 13. Ncxe4 a5 14. b5 Nf5 15. Bg2 Qe7 16. a4 Bd7 17. Bb2 Nxe4 18. Nxe4 Rf7 19. Qd3 b6 20. Rae1 Re8 21. Bc3 1/2-1/2

[Event "Niederoesterreich Landesliga 1718"]
[Site "Austria"]
[Date "2017.10.01"]
[Round "1.4"]
[White "Schirmbeck, Hannes"]
[Black "Zwettler, Martin"]
[Result "0-1"]
[WhiteElo "2195"]
[BlackElo "2224"]
[PlyCount "38"]
[EventDate "2017.10.01"]
[EventType "team-tourn"]
[EventRounds "11"]
[EventCountry "AUT"]
[SourceTitle "EXT 2019"]
[Source "ChessBase"]
[SourceDate "2018.10.10"]
[SourceVersion "1"]
[SourceVersionDate "2018.10.10"]
[SourceQuality "1"]
[WhiteTeam "Stockerau"]
[BlackTeam "Zwettl"]
[WhiteTeamCountry "AUT"]
[BlackTeamCountry "AUT"]

1. e4 c5 2. Nc3 g6 3. Nf3 Bg7 4. d4 cxd4 5. Nxd4 Nc6 6. Be3 Nf6 7. f3 0-0 8. Bc4 Qb6 9. Bb5 Ng4 10. Nd5 Nxe3 11. Nxb6 Nxd1 12. Nxc6 bxc6 13. Nxa8 Ne3 14. Kd2 Bh6 15. Bd3 Nxg2+ 16. Kd1 Nf4 17. Bc4 Ne6 18. f4 Bxf4 19. Rf1 Be5 0-1

[Event "Niederoesterreich Landesliga 1617"]
[Site "Austria"]
[Date "2016.10.02"]
[Round "1.2"]
[White "Schirmbeck, Hannes"]
[Black "Lendwai, Reinhard"]
[Result "0-1"]
[WhiteElo "2163"]
[BlackElo "2383"]
[PlyCount "78"]
[EventDate "2016.10.02"]
[EventType "team-tourn"]
[EventRounds "11"]
[EventCountry "AUT"]
[SourceTitle "EXT 2018"]
[Source "ChessBase"]
[SourceDate "2017.10.13"]
[SourceVersion "1"]
[SourceVersionDate "2017.10.13"]
[SourceQuality "1"]
[WhiteTeam "Stockerau"]
[BlackTeam "Baden Invest II"]
[WhiteTeamCountry "AUT"]
[BlackTeamCountry "AUT"]

1. Nf3 d5 2. g3 c6 3. Bg2 Nf6 4. 0-0 Bf5 5. d3 e6 6. Nbd2 Be7 7. Qe1 h6 8. b3 Bh7 9. e4 0-0 10. Bb2 Na6 11. Rc1 Nc5 12. Ne5 Nfd7 13. Qe2 Nxe5 14. Bxe5 Qa5 15. exd5 cxd5 16. Qg4 f6 17. b4 Qa6 18. Ba1 Bf5 19. Qd4 Na4 20. Rfe1 Rfd8 21. g4 Bg6 22. b5 Qxb5 23. Rxe6 Bc5 24. Qf4 Bf7 25. Rxf6 gxf6 26. Qxf6 d4 27. Ne4 Qb6 28. Qe5 Qe6 29. Nf6+ Kf8 30. Qf4 Kg7 31. g5 hxg5 32. Qxg5+ Bg6 33. Nh5+ Kf7 34. Bh3 Qe7 35. Qf4+ Kg8 36. Kh1 Rd6 37. Rg1 Rf8 38. Qg4 Qf7 39. f4 Kh8 0-1

[Event "AUT-chT2O 1516"]
[Site "Austria"]
[Date "2016.04.02"]
[Round "9.2"]
[White "Druckenthaner, Andreas"]
[Black "Schirmbeck, Hannes"]
[Result "1/2-1/2"]
[WhiteElo "2314"]
[BlackElo "2136"]
[PlyCount "68"]
[EventDate "2015.10.17"]
[EventType "team-tourn"]
[EventRounds "11"]
[EventCountry "AUT"]
[SourceTitle "EXT 2017"]
[Source "ChessBase"]
[SourceDate "2016.10.25"]
[SourceVersion "1"]
[SourceVersionDate "2016.10.25"]
[SourceQuality "1"]
[WhiteTeam "Austria"]
[BlackTeam "Stockerau"]
[WhiteTeamCountry "AUT"]
[BlackTeamCountry "AUT"]

1. d4 Nf6 2. c4 e6 3. Nc3 Bb4 4. Nf3 b6 5. g3 Bb7 6. Bg2 0-0 7. 0-0 c5 8. Nb5 cxd4 9. a3 Be7 10. Nbxd4 Nc6 11. b3 Nxd4 12. Nxd4 Bxg2 13. Kxg2 Qc7 14. Bb2 d5 15. cxd5 Nxd5 16. e4 Nf6 17. Qf3 Qb7 18. e5 Qxf3+ 19. Kxf3 Nd5 20. Nc6 Rfc8 21. Rac1 Bc5 22. Nd4 Bxd4 23. Bxd4 Kf8 24. Rc4 Ke8 25. Ke4 a6 26. f4 b5 27. Rc5 Rxc5 28. Bxc5 Rc8 29. b4 a5 30. Ra1 axb4 31. axb4 Nxb4 32. Bxb4 Rc4+ 33. Kd3 Rxb4 34. Ra8+ Ke7 1/2-1/2

[Event "AUT-chT2O 1516"]
[Site "Austria"]
[Date "2016.02.20"]
[Round "5.4"]
[White "Schirmbeck, Hannes"]
[Black "Hechl, Gerald"]
[Result "1/2-1/2"]
[WhiteElo "2136"]
[BlackElo "2205"]
[PlyCount "40"]
[EventDate "2015.10.17"]
[EventType "team-tourn"]
[EventRounds "11"]
[EventCountry "AUT"]
[SourceTitle "EXT 2017"]
[Source "ChessBase"]
[SourceDate "2016.10.25"]
[SourceVersion "1"]
[SourceVersionDate "2016.10.25"]
[SourceQuality "1"]
[WhiteTeam "Stockerau"]
[BlackTeam "Pressbaum"]
[WhiteTeamCountry "AUT"]
[BlackTeamCountry "AUT"]

1. e4 e6 2. d4 d5 3. exd5 exd5 4. Nf3 Nc6 5. Bd3 Bd6 6. 0-0 Bg4 7. c3 Nge7 8. b4 a6 9. Re1 Qd7 10. Bg5 f6 11. Bh4 0-0 12. Bg3 Nf5 13. Qc2 g6 14. Bxd6 Nxd6 15. Nbd2 Bf5 16. a4 Bxd3 17. Qxd3 Qf5 18. Qxf5 Nxf5 19. Nb3 Rf7 20. Nc5 Nd6 1/2-1/2

[Event "Niederoesterreich Landesliga 1213"]
[Site "Austria"]
[Date "2013.01.27"]
[Round "5"]
[White "Schirmbeck, Hannes"]
[Black "Matevosyan, Andy"]
[Result "1-0"]
[WhiteElo "2112"]
[BlackElo "2161"]
[PlyCount "59"]
[EventDate "2012.09.30"]
[EventType "team-tourn"]
[EventRounds "7"]
[EventCountry "AUT"]
[SourceTitle "EXT 2022"]
[Source "ChessBase"]
[SourceDate "2021.10.06"]
[SourceVersion "1"]
[SourceVersionDate "2021.10.06"]
[SourceQuality "1"]

1. e4 d6 2. d4 Nd7 3. Nf3 e5 4. Bc4 Be7 5. dxe5 Nxe5 6. Nxe5 dxe5 7. Qh5 g6 8. Qxe5 Nf6 9. Bh6 Rg8 10. Qb5+ Qd7 11. Qb3 Bc5 12. 0-0 Ng4 13. Be3 Bxe3 14. fxe3 Ne5 15. Nc3 c6 16. Ne2 b5 17. Bd3 Qc7 18. a4 Ng4 19. Rf4 Be6 20. Qc3 bxa4 21. Nd4 Bd7 22. Bc4 Ne5 23. Raf1 Rf8 24. h3 g5 25. Rf6 Bxh3 26. gxh3 Nxc4 27. Nf5 Qe5 28. Qxc4 Qxf6 29. e5 Qg6 30. Qc5 1-0

[Event "Niederoesterreich Landesliga 0910"]
[Site "Austria"]
[Date "2010.02.21"]
[Round "9"]
[White "Vyskocil, Neklan"]
[Black "Schirmbeck, Hannes"]
[Result "1-0"]
[WhiteElo "2357"]
[BlackElo "2177"]
[PlyCount "87"]
[EventDate "2009.09.06"]
[EventType "team-tourn"]
[EventRounds "11"]
[EventCountry "AUT"]
[SourceTitle "EXT 2022"]
[Source "ChessBase"]
[SourceDate "2021.10.06"]
[SourceVersion "1"]
[SourceVersionDate "2021.10.06"]
[SourceQuality "1"]

1. d4 Nf6 2. Bg5 d5 3. Bxf6 exf6 4. e3 c6 5. Nd2 Be7 6. Ne2 0-0 7. g3 Re8 8. Bg2 Bg4 9. 0-0 Nd7 10. Nf3 Nf8 11. h3 Bf5 12. Nd2 Bd6 13. c4 dxc4 14. Nxc4 Bc7 15. Nc3 Qd7 16. Kh2 Rad8 17. b3 Ng6 18. Qh5 Bd3 19. Rfd1 Qf5 20. Qxf5 Bxf5 21. d5 cxd5 22. Nxd5 Bb8 23. Na5 Rd7 24. Rd2 Nf8 25. Rad1 Rc8 26. Nb4 Rxd2 27. Rxd2 Be5 28. Bxb7 Rc7 29. Nd5 Bc3 30. Nxc3 Rxc3 31. Nc6 Bd7 32. Ne7+ Kh8 33. Bd5 g6 34. Bxf7 Rc7 35. Bc4 Kg7 36. Nd5 Rc5 37. Nf4 Bf5 38. g4 Be4 39. Rd8 Re5 40. Kg3 Re7 41. Rd6 Nd7 42. h4 Bb1 43. Ne6+ Kh8 44. Bb5 1-0

[Event "CZE-chT2D 0809"]
[Site "Czech Republic"]
[Date "2009.01.25"]
[Round "7.3"]
[White "Schirmbeck, Hannes"]
[Black "Skacelik, Petr"]
[Result "0-1"]
[WhiteElo "2149"]
[BlackElo "2214"]
[PlyCount "58"]
[EventDate "2008.10.12"]
[EventType "team-tourn"]
[EventRounds "11"]
[EventCountry "CZE"]
[SourceTitle "EXT 2010"]
[Source "ChessBase"]
[SourceDate "2010.11.25"]
[SourceVersion "1"]
[SourceVersionDate "2010.11.25"]
[SourceQuality "1"]

1. e4 c5 2. Nf3 e6 3. d4 cxd4 4. Nxd4 Nf6 5. Bd3 Nc6 6. Nxc6 dxc6 7. 0-0 e5 8. h3 Be7 9. Nd2 Qc7 10. Nc4 Be6 11. Qe2 b5 12. Ne3 0-0 13. Nf5 Bxf5 14. exf5 Rfe8 15. c4 e4 16. Bc2 Qe5 17. cxb5 cxb5 18. g4 Bc5 19. Kg2 Bd6 20. Rh1 Nd5 21. Bb3 Nb4 22. Be3 Nd3 23. Rab1 Rad8 24. Qd2 Bc5 25. Qa5 Bxe3 26. fxe3 Qc5 27. Rhe1 Nxe1+ 28. Rxe1 Rd3 29. Kf2 Qd6 0-1

[Event "CZE-chT2D 0809"]
[Site "Czech Republic"]
[Date "2008.11.09"]
[Round "2.3"]
[White "Schirmbeck, Hannes"]
[Black "Vala, Filip"]
[Result "1-0"]
[WhiteElo "2149"]
[BlackElo "2030"]
[PlyCount "107"]
[EventDate "2008.10.12"]
[EventType "team-tourn"]
[EventRounds "11"]
[EventCountry "CZE"]
[SourceTitle "EXT 2010"]
[Source "ChessBase"]
[SourceDate "2010.11.25"]
[SourceVersion "1"]
[SourceVersionDate "2010.11.25"]
[SourceQuality "1"]

1. e4 c5 2. Nf3 Nc6 3. Bb5 g6 4. 0-0 Bg7 5. c3 Nf6 6. Re1 0-0 7. d4 cxd4 8. cxd4 d5 9. e5 Ne4 10. Nc3 Nxc3 11. bxc3 Na5 12. Bg5 a6 13. Bd3 Bg4 14. h3 Bxf3 15. Qxf3 Rc8 16. Rac1 Rc6 17. h4 f6 18. exf6 Bxf6 19. Qe2 Qc7 20. Bh6 Rf7 21. Qg4 Bg7 22. Bxg7 Kxg7 23. h5 Rcf6 24. Re6 Rxe6 25. Qxe6 Qc6 26. h6+ Kg8 27. Qg4 Qf6 28. Rf1 Rf8 29. Qd7 Qd6 30. Qa4 Qc7 31. Qc2 e5 32. dxe5 Qxe5 33. Rd1 Qh5 34. c4 Rc8 35. Be2 Qe5 36. Qd2 Re8 37. Qxa5 Qxe2 38. Qxd5+ Qe6 39. Qxb7 Re7 40. Rd8+ Kf7 41. Qf3+ Qf5 42. Qxf5+ gxf5 43. Rd6 Re1+ 44. Kh2 Re2 45. Rxa6 Rc2 46. f3 Rxc4 47. Kh3 Rc3 48. Kh4 Rc2 49. Kg5 f4 50. Kxf4 Rxg2 51. Kf5 Kf8 52. a4 Rg3 53. f4 Rg1 54. Ra7 1-0

[Event "AUT-chT2O 0708"]
[Site "Austria"]
[Date "2008.03.15"]
[Round "10.6"]
[White "Schirmbeck, Hannes"]
[Black "Wutzlhofer, Robert"]
[Result "1-0"]
[WhiteElo "2162"]
[BlackElo "2063"]
[PlyCount "75"]
[EventDate "2007.10.20"]
[EventType "team"]
[EventRounds "11"]
[EventCountry "AUT"]
[SourceTitle "EXT 2009"]
[Source "ChessBase"]
[SourceDate "2008.11.26"]
[SourceVersion "1"]
[SourceVersionDate "2008.11.26"]
[SourceQuality "1"]
[WhiteTeam "Stockerau"]
[BlackTeam "Mattersburg"]
[WhiteTeamCountry "AUT"]
[BlackTeamCountry "AUT"]

1. e4 c5 2. Nf3 d6 3. Bb5+ Bd7 4. Bxd7+ Qxd7 5. 0-0 Nc6 6. c3 Nf6 7. d4 cxd4 8. cxd4 e5 9. Nc3 Be7 10. Be3 0-0 11. Rc1 a6 12. d5 Nb8 13. Nd2 Ng4 14. Bb6 f5 15. f3 Nf6 16. Na4 Bd8 17. Nc4 Nh5 18. Bxd8 Qxd8 19. Ncb6 Nd7 20. Nxd7 Qxd7 21. Nb6 Qf7 22. Nxa8 Rxa8 23. Qc2 Nf4 24. Qc8+ Qf8 25. Qxf8+ Rxf8 26. Rc2 b5 27. g3 Nd3 28. a3 Nc5 29. b4 Nb3 30. Rc6 Nd2 31. Rf2 Nc4 32. Rxa6 Rc8 33. a4 Ne3 34. Rc6 Rd8 35. Re2 f4 36. a5 Nc4 37. a6 Rf8 38. g4 1-0

[Event "Illes Medes op 2nd"]
[Site "L'Estartit"]
[Date "2007.12.30"]
[Round "4"]
[White "Le Diouron, Aurelie"]
[Black "Schirmbeck, Hannes"]
[Result "0-1"]
[WhiteElo "2022"]
[BlackElo "2162"]
[PlyCount "22"]
[EventDate "2007.12.28"]
[EventType "swiss"]
[EventRounds "9"]
[EventCountry "ESP"]
[SourceTitle "CBM 122 Extra"]
[Source "ChessBase"]
[SourceDate "2008.03.04"]
[SourceVersion "1"]
[SourceVersionDate "2008.03.04"]
[SourceQuality "1"]

1. e4 g6 2. d4 Bg7 3. Nc3 d6 4. f4 c6 5. Nf3 Bg4 6. Be2 Nd7 7. 0-0 Qb6 8. Be3 Qxb2 9. Na4 Qa3 10. c3 b5 11. Nb2 Qxb2 0-1

[Event "AUT-chT2O 0708"]
[Site "Austria"]
[Date "2007.12.02"]
[Round "5.4"]
[White "Hangweyrer, Roman"]
[Black "Schirmbeck, Hannes"]
[Result "1-0"]
[WhiteElo "2143"]
[BlackElo "2162"]
[PlyCount "201"]
[EventDate "2007.10.20"]
[EventType "team"]
[EventRounds "11"]
[EventCountry "AUT"]
[SourceTitle "CBM 121 Extra"]
[Source "ChessBase"]
[SourceDate "2008.01.10"]
[SourceVersion "1"]
[SourceVersionDate "2008.01.10"]
[SourceQuality "1"]
[WhiteTeam "Zwettl"]
[BlackTeam "Stockerau"]
[WhiteTeamCountry "AUT"]
[BlackTeamCountry "AUT"]

1. c4 e5 2. Nc3 Nf6 3. Nf3 Nc6 4. g3 Bc5 5. Bg2 d6 6. 0-0 0-0 7. a3 a5 8. e3 Bg4 9. h3 Bh5 10. g4 Bg6 11. d4 Ba7 12. d5 Ne7 13. Nh4 Nd7 14. e4 Nc5 15. b4 Nd7 16. Bg5 h6 17. Nxg6 fxg6 18. Be3 g5 19. c5 Ng6 20. Nb5 Bb8 21. c6 bxc6 22. dxc6 Nf6 23. f3 Qc8 24. Nc3 Ba7 25. Bxa7 Rxa7 26. b5 Qb8 27. Qb3+ Kh7 28. b6 Ra6 29. Na4 cxb6 30. Qb5 Qa8 31. Rfc1 Nh4 32. Rc3 Ra7 33. Nxb6 Qb8 34. Rb1 Qc7 35. Nd5 Nxd5 36. exd5 Qf7 37. Qd3+ Kh8 38. Qe4 Ng6 39. Rcb3 Nf4 40. Rb7 Rxb7 41. Rxb7 Qxd5 42. Qxd5 Nxd5 43. c7 Kg8 44. Bf1 Nxc7 45. Rxc7 Rxf3 46. a4 Ra3 47. Bc4+ Kh7 48. Be6 Rxa4 49. Bf5+ Kg8 50. Bg6 Rf4 51. Ra7 Kf8 52. Rxa5 Ke7 53. Bf5 Kf6 54. Rd5 Ke7 55. Kg2 h5 56. Ra5 g6 57. Bc8 Rc4 58. Ba6 Rc2+ 59. Kf3 Rc3+ 60. Kg2 Ke6 61. Be2 h4 62. Bf3 Rc2+ 63. Kf1 Rd2 64. Ke1 Rd4 65. Ra8 Rf4 66. Bg2 Rb4 67. Re8+ Kf6 68. Rf8+ Ke7 69. Rg8 Kf6 70. Rf8+ Kg7 71. Rf2 Rb5 72. Rd2 Rb6 73. Bd5 Ra6 74. Ra2 Rb6 75. Ra7+ Kf8 76. Rf7+ Ke8 77. Rf6 Ke7 78. Re6+ Kd7 79. Rxg6 Rb1+ 80. Kf2 Rb2+ 81. Ke3 Rh2 82. Rg7+ Kd8 83. Ke4 Rxh3 84. Rxg5 Rh1 85. Kf5 Rd1 86. Ke6 Kc7 87. Rh5 Kb6 88. Rxh4 Kc5 89. Bf3 Rg1 90. Rh1 Rg3 91. Bd1 e4 92. Rh5+ Kd4 93. Rd5+ Ke3 94. Rxd6 Kf4 95. Rd5 Rg1 96. Kf6 e3 97. Rd4+ Kg3 98. g5 Kf2 99. Rf4+ Ke1 100. Bg4 Kd2 101. g6 1-0

[Event "AUT-chT2O 0607"]
[Site "Austria"]
[Date "2007.03.10"]
[Round "8.5"]
[White "Schirmbeck, Hannes"]
[Black "Heiny, Michael"]
[Result "1-0"]
[WhiteElo "2141"]
[BlackElo "1894"]
[PlyCount "102"]
[EventDate "2006.10.06"]
[EventType "team-tourn"]
[EventRounds "11"]
[EventCountry "AUT"]
[SourceTitle "EXT 2007"]
[Source "ChessBase"]
[SourceDate "2006.11.23"]
[SourceVersion "1"]
[SourceVersionDate "2006.11.23"]
[SourceQuality "1"]
[WhiteTeam "Stockerau"]
[BlackTeam "Wulkaprodersdorf"]
[WhiteTeamCountry "AUT"]
[BlackTeamCountry "AUT"]

1. e4 e6 2. d4 d5 3. Nd2 c5 4. Ngf3 Nf6 5. exd5 Nxd5 6. dxc5 Bxc5 7. Ne4 Be7 8. Be2 0-0 9. 0-0 Nc6 10. a3 e5 11. b4 f6 12. Bd2 Be6 13. b5 Nd4 14. Nxd4 exd4 15. Re1 Nb6 16. Ba5 Qd7 17. Bd3 Nc4 18. Bd2 Ne5 19. a4 Bc4 20. Bf4 Bxd3 21. cxd3 Ng6 22. Bd2 f5 23. Ng5 Bxg5 24. Qb3+ Rf7 25. Bxg5 Re8 26. Rxe8+ Qxe8 27. h4 h6 28. h5 Nf8 29. Bd2 Kh7 30. Qd5 Qd7 31. Qf3 Ne6 32. Rc1 b6 33. Qg3 Nc5 34. Rc4 Ne6 35. Qg6+ Kg8 36. Rc6 Rf6 37. Qg3 f4 38. Qg4 Qf7 39. Bb4 Kh7 40. Bd6 Nd8 41. Rc7 Qg8 42. Be5 Rf7 43. Qg6+ Kh8 44. Qxh6+ Qh7 45. Qxh7+ Kxh7 46. Rxf7 Nxf7 47. Bb8 Kh6 48. Bxa7 Ne5 49. Bxb6 Nxd3 50. Bxd4 Kxh5 51. b6 Nb4 1-0

[Event "Niederoesterreich Landesliga 0607"]
[Site "Austria"]
[Date "2007.02.18"]
[Round "9"]
[White "Braun, Karl Heinz"]
[Black "Schirmbeck, Hannes"]
[Result "0-1"]
[WhiteElo "2091"]
[BlackElo "2128"]
[PlyCount "110"]
[EventDate "2006.09.17"]
[EventType "team-tourn"]
[EventRounds "11"]
[EventCountry "AUT"]
[SourceTitle "EXT 2022"]
[Source "ChessBase"]
[SourceDate "2021.10.06"]
[SourceVersion "1"]
[SourceVersionDate "2021.10.06"]
[SourceQuality "1"]

1. e4 c5 2. Nf3 d6 3. Bc4 Nf6 4. d3 Nc6 5. c3 g6 6. 0-0 Bg7 7. h3 0-0 8. Bg5 Bd7 9. Bb3 b5 10. Nbd2 a5 11. a3 a4 12. Bc2 Na5 13. Qe2 Be6 14. d4 c4 15. Rad1 d5 16. e5 Ne8 17. Qe3 Qd7 18. g4 h5 19. Nh2 hxg4 20. hxg4 Bxg4 21. f3 Bh3 22. Rfe1 Nc7 23. f4 Nc6 24. Ndf1 Bf5 25. Rd2 Bxc2 26. Rxc2 Kh7 27. Nf3 Rh8 28. Rh2+ Kg8 29. Ree2 Rxh2 30. Rxh2 f6 31. Bh4 Kf7 32. Rf2 Rh8 33. N1h2 Bh6 34. Bg3 Qh3 35. Nh4 Ne6 36. Qf3 Bxf4 37. Bxf4 Qxf3 38. Rxf3 Rxh4 39. Be3 f5 40. Kg2 Nf8 41. Kg3 Re4 42. Nf1 e6 43. Kf2 Rh4 44. Kg3 Rh1 45. Rf2 Rh8 46. Nh2 Kg7 47. Nf3 Rh1 48. Kg2 Rh5 49. Kg1 Nh7 50. Rg2 Nd8 51. Bd2 Nf7 52. Bc1 g5 53. Rh2 Rxh2 54. Kxh2 Kg6 55. Kg2 Kh5 0-1

[Event "Latschach op 22nd"]
[Site "Latschach"]
[Date "2006.08.17"]
[Round "7"]
[White "Schirmbeck, Hannes"]
[Black "Turian, Hans"]
[Result "1-0"]
[WhiteElo "2128"]
[BlackElo "2044"]
[PlyCount "55"]
[EventDate "2006.08.12"]
[EventType "swiss"]
[EventRounds "9"]
[EventCountry "AUT"]
[SourceTitle "CBM 113 Extra"]
[Source "ChessBase"]
[SourceDate "2006.09.14"]
[SourceVersion "1"]
[SourceVersionDate "2006.09.14"]
[SourceQuality "1"]

1. e4 e5 2. Nf3 d6 3. d4 exd4 4. Nxd4 Nf6 5. Nc3 Be7 6. Bc4 0-0 7. 0-0 Re8 8. Bb3 a6 9. f4 Bf8 10. Re1 c5 11. Nf3 Bg4 12. e5 Bxf3 13. Qxf3 Nc6 14. e6 fxe6 15. Rxe6 Kh8 16. Be3 Qd7 17. Rxe8 Rxe8 18. Rd1 Qg4 19. Kf2 Qf5 20. h3 h5 21. g4 Qh7 22. g5 d5 23. Nxd5 Ne4+ 24. Kg2 g6 25. Nf6 Nxf6 26. gxf6 Rd8 27. Rxd8 Nxd8 28. Qd5 1-0

[Event "Latschach op 22nd"]
[Site "Latschach"]
[Date "2006.08.15"]
[Round "5"]
[White "Schirmbeck, Hannes"]
[Black "Gooding, Ian R"]
[Result "1-0"]
[WhiteElo "2128"]
[BlackElo "2013"]
[PlyCount "87"]
[EventDate "2006.08.12"]
[EventType "swiss"]
[EventRounds "9"]
[EventCountry "AUT"]
[SourceTitle "CBM 113 Extra"]
[Source "ChessBase"]
[SourceDate "2006.09.14"]
[SourceVersion "1"]
[SourceVersionDate "2006.09.14"]
[SourceQuality "1"]

1. e4 e6 2. d4 d5 3. Nd2 Nf6 4. e5 Nfd7 5. c3 c5 6. Bd3 Nc6 7. Ne2 cxd4 8. cxd4 f6 9. exf6 Nxf6 10. 0-0 Bd6 11. Nf3 0-0 12. Bf4 Bxf4 13. Nxf4 Ne4 14. Qc1 Ng5 15. Nxg5 Qxg5 16. Bxh7+ Kxh7 17. Nxe6 Qxc1 18. Nxf8+ Kg8 19. Raxc1 Kxf8 20. Rfe1 Bf5 21. Re3 Re8 22. Rc5 Rxe3 23. fxe3 Be4 24. h4 Ke7 25. Kh2 g6 26. g4 Kd6 27. Kg3 a6 28. a3 Ke6 29. b4 Bd3 30. Kf4 Kd6 31. Rc1 b5 32. h5 gxh5 33. gxh5 a5 34. Rc3 Be4 35. bxa5 Nxa5 36. Rc5 Nc4 37. Rxb5 Nxa3 38. Rb7 Nc2 39. h6 Ne1 40. h7 Ng2+ 41. Kg3 Bxh7 42. Kxg2 Be4+ 43. Kg3 Ke6 44. Kf4 1-0

[Event "Latschach op 22nd"]
[Site "Latschach"]
[Date "2006.08.14"]
[Round "4"]
[White "Schirmbeck, Hannes"]
[Black "Kwossek, Georg"]
[Result "1-0"]
[WhiteElo "2128"]
[BlackElo "2056"]
[PlyCount "142"]
[EventDate "2006.08.12"]
[EventType "swiss"]
[EventRounds "9"]
[EventCountry "AUT"]
[SourceTitle "CBM 113 Extra"]
[Source "ChessBase"]
[SourceDate "2006.09.14"]
[SourceVersion "1"]
[SourceVersionDate "2006.09.14"]
[SourceQuality "1"]

1. e4 e5 2. Nf3 d6 3. d4 Nf6 4. Nc3 Nbd7 5. Bc4 Be7 6. 0-0 0-0 7. Re1 c6 8. a4 b6 9. d5 c5 10. a5 a6 11. axb6 Nxb6 12. Bd3 c4 13. Bf1 Nfd7 14. Nd2 Qc7 15. Qe2 a5 16. Nb5 Qc5 17. Na3 Ba6 18. Ndxc4 Nxc4 19. Nxc4 Rfc8 20. b3 Bxc4 21. bxc4 Qc7 22. Bd2 a4 23. Reb1 Nc5 24. Qg4 g6 25. Qf3 Bf8 26. Rb5 f5 27. exf5 e4 28. Qg4 Bg7 29. Ra3 gxf5 30. Qh5 Qf7 31. Qxf7+ Kxf7 32. Be3 Be5 33. g3 Kf6 34. Be2 Kg6 35. Rb4 h5 36. Bxc5 Rxc5 37. Rbxa4 Rxa4 38. Rxa4 Kh6 39. Kg2 Kg6 40. Ra8 Kh6 41. Rf8 Kg6 42. Rg8+ Kh6 43. f3 Ra5 44. fxe4 fxe4 45. h4 Bf6 46. Re8 Ra2 47. Rxe4 Rxc2 48. Re6 Kg7 49. Kh3 Rc3 50. Bxh5 Be5 51. Rg6+ Kh7 52. Rg4 Kh6 53. Be8 Kh7 54. h5 Kh6 55. Bf7 Rf3 56. Rg6+ Kh7 57. Bg8+ Kh8 58. Be6 Rc3 59. Kg2 Rc2+ 60. Kf3 Rc3+ 61. Kf2 Rc2+ 62. Ke1 Rxc4 63. g4 Rc1+ 64. Ke2 Rh1 65. Kf3 Rh3+ 66. Ke4 Rh1 67. Kf5 Rf1+ 68. Kg5 Bf4+ 69. Kf6 Be5+ 70. Ke7 Rh1 71. Kf7 Ra1 1-0

[Event "Latschach op 22nd"]
[Site "Latschach"]
[Date "2006.08.13"]
[Round "2"]
[White "Juritsch, Harald"]
[Black "Schirmbeck, Hannes"]
[Result "0-1"]
[WhiteElo "1985"]
[BlackElo "2128"]
[PlyCount "72"]
[EventDate "2006.08.12"]
[EventType "swiss"]
[EventRounds "9"]
[EventCountry "AUT"]
[SourceTitle "CBM 113 Extra"]
[Source "ChessBase"]
[SourceDate "2006.09.14"]
[SourceVersion "1"]
[SourceVersionDate "2006.09.14"]
[SourceQuality "1"]

1. c4 Nf6 2. Nc3 e5 3. g3 Bc5 4. e3 0-0 5. Bg2 c6 6. Nge2 Qe7 7. d4 Bb6 8. 0-0 d6 9. Qc2 Bg4 10. Re1 Nbd7 11. a4 exd4 12. exd4 Bxd4 13. Bf4 Be5 14. Nd4 Qd8 15. Bxe5 Nxe5 16. h3 Bd7 17. Ne4 Nxe4 18. Bxe4 f5 19. Bg2 Qf6 20. f4 Nf7 21. Rad1 Rfe8 22. Qd3 g6 23. b4 Rxe1+ 24. Rxe1 Re8 25. Rxe8+ Bxe8 26. Qe3 Bd7 27. Kh2 c5 28. bxc5 dxc5 29. Nb5 Bxb5 30. axb5 b6 31. Qe8+ Kg7 32. Qd7 g5 33. fxg5 Qxg5 34. Qxa7 f4 35. g4 Qe5 36. Bd5 f3+ 0-1

[Event "Vienna op-A 15th"]
[Site "Vienna"]
[Date "2006.08.06"]
[Round "9"]
[White "Schirmbeck, Hannes"]
[Black "Lovrinovic, Christian"]
[Result "1-0"]
[WhiteElo "2128"]
[BlackElo "2191"]
[PlyCount "129"]
[EventDate "2006.07.29"]
[EventType "swiss"]
[EventRounds "9"]
[EventCountry "AUT"]
[SourceTitle "CBM 113 Extra"]
[Source "ChessBase"]
[SourceDate "2006.09.14"]
[SourceVersion "1"]
[SourceVersionDate "2006.09.14"]
[SourceQuality "1"]

1. e4 c5 2. Nf3 d6 3. Bb5+ Bd7 4. Bxd7+ Qxd7 5. 0-0 Nc6 6. c3 Nf6 7. d4 Nxe4 8. d5 Nb8 9. Re1 Nf6 10. Bg5 Na6 11. c4 h6 12. Bxf6 gxf6 13. Nc3 Rg8 14. g3 0-0-0 15. a3 f5 16. Nh4 f4 17. Qd3 Bg7 18. Nb5 Bf6 19. Nf5 h5 20. Qe4 Be5 21. Kf1 fxg3 22. hxg3 e6 23. Ne3 Kb8 24. Qh4 exd5 25. Nxd5 Rg4 26. Nf6 Bxf6 27. Qxf6 Rxc4 28. Rad1 Rg4 29. Nc3 Rg6 30. Qh4 Rdg8 31. Re7 Qg4 32. Qxg4 hxg4 33. Nb5 Rd8 34. Rxf7 d5 35. Re1 Rb6 36. a4 Nb4 37. Rd7 Kc8 38. Rg7 a6 39. Na7+ Kb8 40. a5 Kxa7 41. axb6+ Kxb6 42. Re6+ Nc6 43. Rxg4 Kb5 44. f4 Nd4 45. Re5 Nf3 46. Rh5 d4 47. Ke2 Ng1+ 48. Kd1 Nf3 49. Rg7 Re8 50. Rh1 d3 51. Rf1 Nd4 52. f5 b6 53. f6 Re2 54. Rd7 Rxb2 55. Rxd4 Rb1+ 56. Kd2 Rxf1 57. Rf4 Rh1 58. f7 Rh8 59. f8Q Rxf8 60. Rxf8 c4 61. g4 Kb4 62. g5 Kb3 63. g6 c3+ 64. Kxd3 c2 65. Rc8 1-0

[Event "Vienna op-A 15th"]
[Site "Vienna"]
[Date "2006.08.01"]
[Round "4"]
[White "Wiesner, Hans Dieter"]
[Black "Schirmbeck, Hannes"]
[Result "1/2-1/2"]
[WhiteElo "2023"]
[BlackElo "2128"]
[PlyCount "104"]
[EventDate "2006.07.29"]
[EventType "swiss"]
[EventRounds "9"]
[EventCountry "AUT"]
[SourceTitle "CBM 113 Extra"]
[Source "ChessBase"]
[SourceDate "2006.09.14"]
[SourceVersion "1"]
[SourceVersionDate "2006.09.14"]
[SourceQuality "1"]

1. c4 Nf6 2. Nf3 e6 3. g3 Be7 4. Bg2 0-0 5. 0-0 d5 6. b3 c5 7. d3 Nc6 8. Nbd2 d4 9. a3 e5 10. Rb1 Re8 11. h3 Bf5 12. Kh2 Bd6 13. Nh4 Bd7 14. Ne4 Nxe4 15. dxe4 Qf6 16. Qd3 Rad8 17. Bd2 a5 18. Rb2 g6 19. Qb1 Qe7 20. Qc1 Qe6 21. Nf3 Be7 22. Ne1 b6 23. Nd3 Bc8 24. f4 f6 25. f5 Qf7 26. g4 g5 27. Rh1 Bb7 28. Qe1 Kg7 29. h4 h6 30. Bf3 Na7 31. Qc1 Rh8 32. b4 cxb4 33. axb4 Nc6 34. c5 Nxb4 35. Bxb4 axb4 36. Rxb4 Bxc5 37. Nxc5 bxc5 38. Qxc5 Rd7 39. hxg5 hxg5+ 40. Kg2 Rxh1 41. Kxh1 Qa2 42. Qb5 Qf7 43. Kg2 Rc7 44. Rb1 Qd7 45. Qb6 Qc8 46. Qd6 Rf7 47. Ra1 Qc7 48. Qe6 Qc2 49. Rh1 Qc6 50. Rh7+ Kxh7 51. Qxf7+ Kh8 52. Qf8+ Kh7 1/2-1/2